000 00524nam a2200169Ia 4500
003 GCL
008 140319s9999 xx 000 0 ara d
040 _aGCL /
_cGCL
082 0 4 _a610.962
_bح ت
100 1 _aحسين امين
245 1 0 _aتاريخ المستشفيات الخاصة ومستقبل الطب فى مصر /
_cحسين امين
490 _a100 قصة
_v0
650 0 4 _aالمستشفيات - مصر
650 0 4 _aالطب - تاريخ
650 0 4 _aالقاهرة - مستشفيات
942 _2ddc
_cBK
999 _c44988
_d44988